Principles of Data Management (Record no. 108473)

MARC details
000 -LEADER
fixed length control field 00395cam a22001575a 4500
001 - CONTROL NUMBER
control field L144369
008 - FIXED-LENGTH DATA ELEMENTS--GENERAL INFORMATION
fixed length control field 080715s xxk f 000 0 eng d
020 ## - INTERNATIONAL STANDARD BOOK NUMBER
International Standard Book Number 9781902505848
035 ## - SYSTEM CONTROL NUMBER
System control number (Sirsi) u144369
041 0# - LANGUAGE CODE
Language code of text/sound track or separate title eng
100 1# - MAIN ENTRY--PERSONAL NAME
Personal name Gordon, Keith
245 00 - TITLE STATEMENT
Title Principles of Data Management
Remainder of title Facilitating Information Sharing
350 ## - PRICE (NR) (BK AM CF MU VM SE) [OBSOLETE]
Price £28.45
651 #4 - SUBJECT ADDED ENTRY--GEOGRAPHIC NAME
Geographic name ENGLAND AND WALES
942 ## - ADDED ENTRY ELEMENTS (KOHA)
Suppress in OPAC 0

No items available.